Statistics for New Orleans Hornets 2000’s Starters

Click here to take the quiz!

General Stats

  • This quiz has been taken 52 times
  • The average score is 8 of 18

Answer Stats

PlayerStarts% Correct
Chris Paul4
100%
Baron Davis2
76%
David West4
76%
Peja Stojaković2
66%
Tyson Chandler3
63%
Jamal Mashburn1
61%
J.R. Smith1
58%
David Wesley2
53%
Devin Brown1
50%
Jamaal Magloire2
50%
P.J. Brown4
50%
Morris Peterson1
26%
Desmond Mason2
18%
Lee Nailon1
16%
Dan Dickau1
13%
Rasual Butler1
13%
George Lynch2
11%
Kirk Snyder1
11%

Score Distribution

Percentile by Number Answered

Percent of People with Each Score

Your Score History

You have not taken this quiz